000 00325nam a2200145Ia 4500
008 230312s9999||||xx |||||||||||||| ||und||
020 _a0-19-280641-6
082 _a503
_bOXF
245 0 _aDictionary of Science
260 _bOxford Press
_aUK
_c2005
300 _a880
546 _aEng.
650 _aDictionary
942 _cBK
999 _c4637
_d4637